| 000 | 00501pab a2200181 454500 | ||
|---|---|---|---|
| 008 | 180718b2013 xxu||||| |||| 00| 0 eng d | ||
| 100 | _aHatakar, Neeraj | ||
| 245 | _aInequality, income distribution and growth in Maharashtra (Notes) | ||
| 260 | _c2013 | ||
| 300 | _ap.75-81. | ||
| 362 | _a28 Sep | ||
| 650 | _aIncome distribution - India - Maharashtra | ||
| 650 | _aIncome distribution | ||
| 700 | _aRaju, Swati | ||
| 773 | _aEconomic and Political Weekly | ||
| 908 | _aN | ||
| 909 | _a101683 | ||
| 999 |
_c101681 _d101681 |
||